000 00571nam a2200205Ia 4500
005 20250923144626.0
008 008 250917s9999 xx 000 0 eng d
037 _aTextual
040 _aDSWL
_beng
_cDSWL
041 _aeng
_2eng
084 _aV22:1:F, J7
_qDSWL
100 _aBhandarkar, R.G.
_9826765
245 0 _aEarly history of the Dekhan
_cby R.G. Bhandarkar
260 _aCalcutta
_b Chittaranjan Avenue
_c1957
300 _a179p.
365 _aINR
_b8
925 _g8
942 _cTEXL
_hV22:1:F, J7
999 _c1441322
_d1441322